| 000 | 00406nam a22001697a 4500 | ||
|---|---|---|---|
| 003 | OSt | ||
| 020 | _a817409086x | ||
| 040 | _cBT-PhCST | ||
| 082 |
_222 _a531.19 |
||
| 100 | _aSingh, J. P. | ||
| 245 | _aA textbook of mechanics of solids / | ||
| 250 | _a1st. | ||
| 260 |
_aNew Delhi, _bKhanna Publishers, _cc2000. |
||
| 300 |
_avi, 324 p. ; _bill. ; _c24 cm. |
||
| 942 |
_2ddc _cCIVIL _02 |
||
| 999 |
_c305 _d305 |
||
| 999 |
_c356 _d356 |
||